000
00301nam a22001337a 4500
008
171101b xxu||||| |||| 00| 0 eng d
020
_a
0786311258
041
_a
eng
080
_2
2ND
_a
33
100
_a
59
101
_a
BUS
245
_a
RIDING THE WAVES OF CULTURE
_c
TROMPENAARS,F
942
_2
udc
_c
BK
999
_c
36976
_d
36976